|
|
|
|
| LEADER |
00000nab a2200000 ar4500 |
| 001 |
vtls009957981 |
| 003 |
SK-MaSNL |
| 005 |
20260303235548.0 |
| 008 |
091008|2008 xo u|me|||||||00 ||slo |
| 015 |
|
|
|a SNBRA2009/07
|
| 038 |
|
|
|a SNKBUCL
|
| 040 |
|
|
|a SNKBUCL
|b slo
|c SNKBUCL
|e AACR2
|
| 041 |
0 |
|
|a slo
|
| 044 |
|
|
|a xo
|c SK
|
| 080 |
|
|
|a 343
|2 2001
|
| 080 |
|
|
|a 343.132
|2 2001
|
| 080 |
|
|
|a 351.74-026.12
|2 2001
|
| 080 |
|
|
|a 343.982
|2 2001
|
| 080 |
|
|
|a 351.74:001
|2 2001
|
| 100 |
1 |
|
|a Kordík, Marek,
|d 1983-
|4 aut
|9 159877
|
| 245 |
1 |
0 |
|a Trestné stíhanie vo veci vo vzťahu k obvinenému a poškodenému v trestnom konaní - súčasný stav a pripravovaná novela
|c Marek Kordík
|
| 500 |
|
|
|a Zborník zostavili Iveta Fedorovičová a Veronika Marková
|
| 504 |
|
|
|a Bibliogr. odkazy
|
| 611 |
2 |
7 |
|a Predsúdne konanie
|d (2008 :
|c Bratislava (Slovensko)
|2 snkbucl
|9 1274300
|
| 650 |
0 |
7 |
|a trestné právo
|2 snkbucl
|9 984
|
| 650 |
0 |
7 |
|a policajné vyšetrovanie
|2 snkbucl
|9 4185
|
| 650 |
0 |
7 |
|a pátracie prostredky
|2 snkbucl
|9 1274301
|
| 650 |
0 |
7 |
|a predsúdne konanie
|2 snkbucl
|9 1274302
|
| 650 |
0 |
7 |
|a policajné vedy
|2 snkbucl
|9 67340
|
| 655 |
|
7 |
|a referáty
|2 snkbucl
|9 70611
|
| 655 |
|
7 |
|a zborníky
|2 snkbucl
|9 70165
|
| 773 |
0 |
|
|t Predsúdne konanie - Zborník príspevkov z celoštátneho seminára s medzinárodnou účasťou
|d Bratislava : Akadémia policajného zboru, 2008
|g S. 77-85
|z 9788080544546
|
| 852 |
|
|
|a SNK
|b KIS3GCP
|
| 958 |
|
|
|a SK
|
| 958 |
|
|
|a NB
|
| 999 |
|
|
|c 2526621
|d 2528551
|